Pokémon - Les attaques de Katagami - Statistiques

Statistiques générales
  • Ce quiz a été pris 19 fois
  • Le résultat moyen est 9 sur 16
Statistiques - réponses
Niveaux Types Noms des attaques % Correct
Niveau 55 Plante Lame Feuille
100%
Niveau 25 Vol Aéropique
86%
Niveau 35 Ténèbres Tranche-Nuit
86%
Niveau 20 Vol Tranch'Air
79%
Niveau 5 Plante Tranch'Herbe
71%
Niveau 15 Normal Coupe
57%
Niveau 65 Normal Danse Lames
57%
Niveau 30 Combat Détection
57%
Départ Insecte Taillade
57%
Niveau 60 Combat Lame Sainte
50%
Niveau 50 Vol Anti-Brume
43%
Niveau 70 Normal Guillotine
36%
Niveau 45 Normal Affilage
29%
Niveau 40 Plante Synthèse
21%
Niveau 10 Normal Faux-Chage
14%
Départ Combat Onde Vide
7%
Aucun quiz correspondant
Distribution des résultats
% des personnes avec chaque résultat
Percentile par nombre de réponses
Votre historique - résultats
Vous n’avez pas pris ce quiz